[Event "XXVII Festival Conca della Presolana A"]
[Site "Bratto - Castione della Presolana ITA"]
[Date "2007.08.24"]
[Round "2"]
[White "Bagaturov, Giorgi"]
[Black "Vezzosi, Paolo"]
[Result "1/2-1/2"]
[WhiteElo "2474"]
[BlackElo "2302"]
[PlyCount "125"]
[EventDate "2007.08.23"]

1. d4 Nf6 2. Nf3 e6 3. c4 b6 4. g3 Ba6 5. Qa4 c5 6. Bg2 Bb7 7. dxc5 bxc5 8. O-O
Be7 9. Nc3 O-O 10. Rd1 Qb6 11. Bf4 d6 12. Rab1 Na6 13. a3 Bc6 14. Qc2 Rfd8 15.
Rd2 h6 16. h3 Rab8 17. Rbd1 Ne8 18. Ne1 Bxg2 19. Nxg2 Nac7 20. Be3 Qa6 21. Qa4
Qxa4 22. Nxa4 g5 23. Rc2 f5 24. Bd2 Rb3 25. Ba5 Rc8 26. Rcd2 Kf7 27. Ne1 Bf6
28. Nd3 Na6 29. Nc1 Rb7 30. Na2 Nb8 31. Bc3 Nc6 32. Bxf6 Kxf6 33. e3 a6 34. Kg2
Ne5 35. Rc2 Ke7 36. g4 fxg4 37. hxg4 Nf6 38. f3 Rb3 39. Kf2 Rf8 40. Ke2 h5 41.
Nc1 Rbb8 42. gxh5 Nxh5 43. Rg1 Rg8 44. Nd3 Nc6 45. Nc3 Nf6 46. Nf2 Ne5 47. Nce4
Nxe4 48. Nxe4 g4 49. fxg4 Nxg4 50. Nf2 Nxf2 51. Rxg8 Rxg8 52. Kxf2 a5 53. Kf3
Kf6 54. Ke4 Rg4+ 55. Kd3 Ke5 56. b4 axb4 57. axb4 cxb4 58. Rb2 d5 59. Rxb4 Rxc4
60. Rxc4 dxc4+ 61. Kxc4 Ke4 62. Kc5 Kxe3 63. Kd6 1/2-1/2

[Event "XXVII Festival Conca della Presolana A"]
[Site "Bratto - Castione della Presolana ITA"]
[Date "2007.08.24"]
[Round "2"]
[White "Bassis, Ivano"]
[Black "Zoldan, Matteo"]
[Result "0-1"]
[WhiteElo "2026"]
[BlackElo "2128"]
[PlyCount "62"]
[EventDate "2007.08.23"]

1. e4 c5 2. Nf3 g6 3. d3 Bg7 4. g3 Nc6 5. Bg2 d6 6. O-O e5 7. c3 Nge7 8. a3 O-O
9. b4 h6 10. Be3 b6 11. b5 Na5 12. Nfd2 d5 13. Nb3 Nxb3 14. Qxb3 Be6 15. c4 d4
16. Bd2 Qd7 17. f4 exf4 18. Bxf4 Rae8 19. Ra2 g5 20. Bc1 Nc6 21. Nd2 Ne5 22.
Re1 Bg4 23. Nf1 f5 24. Rf2 fxe4 25. Bxe4 Nf3+ 26. Bxf3 Rxe1 27. Bd5+ Kh8 28.
Rxf8+ Bxf8 29. Bd2 Re2 30. Qb1 Qf5 31. Be1 Bf3 0-1

[Event "XXVII Festival Conca della Presolana A"]
[Site "Bratto - Castione della Presolana ITA"]
[Date "2007.08.24"]
[Round "2"]
[White "Bellia, Fabrizio"]
[Black "Brunello, Marina"]
[Result "1-0"]
[WhiteElo "2405"]
[BlackElo "1947"]
[PlyCount "71"]
[EventDate "2007.08.23"]

1. e4 e5 2. Nf3 Nc6 3. Bb5 a6 4. Ba4 d6 5. c3 Bd7 6. O-O g6 7. d4 Bg7 8. h3
Nge7 9. dxe5 dxe5 10. Qe2 O-O 11. Bc2 Qe8 12. Be3 Nd8 13. Nbd2 Ne6 14. Rfe1 Nc8
15. Nc4 f6 16. a4 Qe7 17. Red1 Be8 18. b4 Nd6 19. Nxd6 cxd6 20. Qd2 Rc8 21. Bb3
Bf7 22. Qxd6 Rfe8 23. Rac1 Kf8 24. Qxe7+ Kxe7 25. a5 Red8 26. Bd5 Rd7 27. c4 f5
28. Ng5 Nxg5 29. Bxg5+ Ke8 30. f3 f4 31. c5 h6 32. Bh4 g5 33. Bf2 Bf8 34. Kf1
Rcc7 35. Ke2 Be7 36. c6 1-0

[Event "XXVII Festival Conca della Presolana A"]
[Site "Bratto - Castione della Presolana ITA"]
[Date "2007.08.24"]
[Round "2"]
[White "Bonafede, Alessandro"]
[Black "Esen, Baris"]
[Result "1/2-1/2"]
[WhiteElo "2234"]
[BlackElo "2441"]
[PlyCount "145"]
[EventDate "2007.08.23"]

1. e4 e6 2. d4 d5 3. e5 c5 4. c3 Nc6 5. Nf3 Bd7 6. a3 f6 7. Bd3 fxe5 8. Nxe5
Nxe5 9. dxe5 Ne7 10. O-O Qc7 11. Re1 c4 12. Bc2 O-O-O 13. Nd2 Nc6 14. Nf3 Be7
15. Bg5 Qb6 16. Bxe7 Nxe7 17. Qd2 Rdf8 18. Nd4 Rf7 19. Rab1 Nc6 20. b3 cxb3 21.
Rxb3 Qc5 22. Nxc6 Bxc6 23. Qd4 b6 24. Re2 g6 25. Rb4 Rhf8 26. Ba4 Qxd4 27. Rxd4
Bxa4 28. Rxa4 Kb7 29. Kf1 Rc8 30. Re3 Rfc7 31. Rh4 h5 32. Rhh3 Rc4 33. Rhf3
R8c6 34. Ke2 g5 35. Rf7+ Ka6 36. Rg7 g4 37. Rh7 d4 38. cxd4 Rxd4 39. Rxh5 Rc2+
40. Ke1 Rc1+ 41. Ke2 Rc2+ 42. Ke1 Ra2 43. Rh6 Ra1+ 44. Ke2 Ra2+ 45. Kf1 Rdd2
46. Rf6 Kb5 47. h4 g3 48. fxg3 Rxg2 49. Rxe6 Rgf2+ 50. Kg1 Rg2+ 51. Kf1 Raf2+
52. Ke1 Rb2 53. Kf1 Rbf2+ 54. Ke1 Rh2 55. Rb3+ Ka4 56. Rb1 Rf3 57. Rf6 Rxg3 58.
Rf4+ Ka5 59. Kf1 Rxa3 60. Kg1 Re2 61. Rf5 a6 62. h5 Rh3 63. Ra1+ Kb5 64. e6+
Kc6 65. Rxa6 Rg3+ 66. Kf1 Rxe6 67. Ra2 Rh6 68. Rg2 Rh3 69. Rg6+ Rxg6 70. hxg6
Rg3 71. Rf6+ Kc5 72. Kf2 Rg5 73. Ke3 1/2-1/2

[Event "XXVII Festival Conca della Presolana A"]
[Site "Bratto - Castione della Presolana ITA"]
[Date "2007.08.24"]
[Round "2"]
[White "Bonazzi, Edoardo"]
[Black "Podini, Francesco"]
[Result "1/2-1/2"]
[WhiteElo "2185"]
[BlackElo "2075"]
[PlyCount "42"]
[EventDate "2007.08.23"]

1. Nf3 c5 2. c4 Nc6 3. Nc3 g6 4. g3 Bg7 5. Bg2 d6 6. O-O e5 7. d3 Nge7 8. a3
O-O 9. Rb1 Rb8 10. b4 b6 11. Bg5 h6 12. Bxe7 Nxe7 13. Ne1 Be6 14. Nc2 f5 15.
Ne3 Qd7 16. Ned5 Nc6 17. b5 Na5 18. Bh3 Rf7 19. Qd2 f4 20. Bxe6 Qxe6 21. Ne4
Rbf8 1/2-1/2

[Event "XXVII Festival Conca della Presolana A"]
[Site "Bratto - Castione della Presolana ITA"]
[Date "2007.08.24"]
[Round "2"]
[White "Bove, Alessandro"]
[Black "Miatello, Alberto"]
[Result "1-0"]
[WhiteElo "2173"]
[BlackElo "2062"]
[PlyCount "85"]
[EventDate "2007.08.23"]

1. d4 Nf6 2. c4 g6 3. Nc3 Bg7 4. e4 d6 5. Nf3 O-O 6. Be2 e5 7. O-O Nbd7 8. dxe5
dxe5 9. Be3 c6 10. h3 Qe7 11. Qc2 Ne8 12. Rfe1 Nc7 13. a3 Ne6 14. Rad1 f5 15.
b4 f4 16. Bc1 Nd4 17. Qa2 a5 18. Qb1 axb4 19. axb4 Nb6 20. c5 Nxe2+ 21. Rxe2
Nc4 22. Qb3 Be6 23. Nd5 cxd5 24. exd5 Ne3 25. fxe3 e4 26. exf4 exf3 27. Qxf3
Bxd5 28. Qxd5+ Qf7 29. Bb2 Qxd5 30. Rxd5 Bxb2 31. Rxb2 Rxf4 32. Rd7 Ra1+ 33.
Kh2 Rf7 34. Rbd2 Raf1 35. b5 R7f5 36. Rxb7 Rxc5 37. Rd8+ Rf8 38. Rdd7 Rh5 39.
b6 Rc8 40. Rbc7 Re8 41. b7 Rb5 42. Rc8 Kf8 43. Rdd8 1-0

[Event "XXVII Festival Conca della Presolana A"]
[Site "Bratto - Castione della Presolana ITA"]
[Date "2007.08.24"]
[Round "2"]
[White "Bresciani, Nicola"]
[Black "Aagaard, Jacob"]
[Result "0-1"]
[WhiteElo "2278"]
[BlackElo "2467"]
[PlyCount "74"]
[EventDate "2007.08.23"]

1. e4 c5 2. Nf3 Nc6 3. d4 cxd4 4. Nxd4 Qb6 5. Nb3 Nf6 6. Nc3 e6 7. Bd3 a6 8.
O-O Be7 9. Be3 Qc7 10. f4 d6 11. Qf3 O-O 12. Rae1 b5 13. a3 Rb8 14. Kh1 b4 15.
Ne2 bxa3 16. bxa3 e5 17. f5 d5 18. Ng3 Rd8 19. Bc1 a5 20. exd5 Rxd5 21. Ne4 Rd8
22. Nxf6+ Bxf6 23. Qg3 Kh8 24. Nd2 Nd4 25. Ne4 Nxf5 26. Qf2 Bh4 27. g3 Be7 28.
Ng5 Bxg5 29. Bxg5 Rxd3 30. cxd3 Bb7+ 31. Kg1 Qc6 32. Re4 Nd6 33. Rc1 Nxe4 34.
dxe4 Qxe4 35. Kf1 h6 36. Be3 Bd5 37. Ke1 Rb3 0-1

[Event "XXVII Festival Conca della Presolana A"]
[Site "Bratto - Castione della Presolana ITA"]
[Date "2007.08.24"]
[Round "2"]
[White "Brun, Dario"]
[Black "Borgo, Giulio"]
[Result "0-1"]
[WhiteElo "2207"]
[BlackElo "2421"]
[PlyCount "100"]
[EventDate "2007.08.23"]

1. d4 d5 2. c4 e6 3. Nc3 Nf6 4. Bg5 Nbd7 5. e3 Be7 6. Nf3 c6 7. Bd3 dxc4 8.
Bxc4 Nd5 9. Bxe7 Qxe7 10. Rc1 Nxc3 11. Rxc3 a6 12. Bb3 O-O 13. O-O c5 14. d5 b5
15. dxe6 fxe6 16. e4 c4 17. Bc2 Bb7 18. Nd4 Rad8 19. Qg4 Rf6 20. e5 Nxe5 21.
Bxh7+ Kf8 22. Qe2 Qd6 23. Re3 Qd5 24. Be4 Qxd4 25. Bxb7 Nd3 26. Rxe6 Qxb2 27.
Rxf6+ Qxf6 28. Rd1 Re8 29. Qf3 Qxf3 30. gxf3 Nc5 31. Bc6 Rc8 32. Be4 Nxe4 33.
fxe4 b4 34. Kf1 a5 35. Rc1 c3 36. Ke2 Rd8 37. Rc2 g5 38. Ke3 Ke7 39. h4 gxh4
40. f4 Rd2 41. Rc1 h3 42. f5 Kf6 43. Rf1 h2 44. Kf4 Rd4 45. Ke3 Ke5 46. f6
Rxe4+ 47. Kd3 Rd4+ 48. Ke3 Rd7 49. Rh1 c2 50. Rf1 Rd1 0-1

[Event "XXVII Festival Conca della Presolana A"]
[Site "Bratto - Castione della Presolana ITA"]
[Date "2007.08.24"]
[Round "2"]
[White "Bruno, Fabio"]
[Black "Sbarra, Marco"]
[Result "1-0"]
[WhiteElo "2443"]
[BlackElo "2233"]
[PlyCount "45"]
[EventDate "2007.08.23"]

1. d4 d5 2. Bf4 e6 3. e3 c5 4. c3 Nc6 5. Nf3 Bd6 6. Bg3 Bxg3 7. hxg3 Qd6 8.
Nbd2 Nf6 9. Bb5 Bd7 10. Bxc6 Bxc6 11. Ne5 a5 12. Qf3 h6 13. g4 Ke7 14. O-O Rhd8
15. Rfe1 Be8 16. g5 hxg5 17. Qg3 g4 18. f4 Bb5 19. Nxg4 Rh8 20. Ne5 g6 21. a4
Ba6 22. dxc5 Qxc5 23. Qg5 1-0

[Event "XXVII Festival Conca della Presolana A"]
[Site "Bratto - Castione della Presolana ITA"]
[Date "2007.08.24"]
[Round "2"]
[White "Campomori, Bruno"]
[Black "Andreoli, Renato"]
[Result "1/2-1/2"]
[WhiteElo "2043"]
[BlackElo "2145"]
[PlyCount "61"]
[EventDate "2007.08.23"]

1. e4 e5 2. Nf3 Nc6 3. Bb5 Nf6 4. O-O Nxe4 5. d4 Be7 6. Re1 Nd6 7. dxe5 Nxb5 8.
a4 d6 9. axb5 Nxe5 10. Nxe5 dxe5 11. Qxd8+ Kxd8 12. Rxe5 Bd6 13. Re1 a5 14. Nc3
Bf5 15. Ne4 Re8 16. f3 Kd7 17. Ra4 b6 18. c3 Bxe4 19. fxe4 Re5 20. Bf4 Rxb5 21.
Rd1 Ke7 22. Bxd6+ cxd6 23. Rd2 Rc8 24. Rad4 Rc6 25. Kf2 f6 26. h3 Ke6 27. Rd5
Rbc5 28. b4 axb4 29. cxb4 Rc2 30. Rxd6+ Rxd6 31. Rxc2 1/2-1/2

[Event "XXVII Festival Conca della Presolana A"]
[Site "Bratto - Castione della Presolana ITA"]
[Date "2007.08.24"]
[Round "2"]
[White "Canova, Luca"]
[Black "Andreolini, Mauro"]
[Result "1-0"]
[WhiteElo "2082"]
[BlackElo "2219"]
[PlyCount "127"]
[EventDate "2007.08.23"]

1. e4 c5 2. Nf3 Nc6 3. d4 cxd4 4. Nxd4 Nf6 5. Nc3 d6 6. Be2 e5 7. Nb3 Be7 8.
O-O O-O 9. Be3 Be6 10. Bf3 a6 11. Nd5 Bxd5 12. exd5 Na5 13. Nxa5 Qxa5 14. Bd2
Qc7 15. Re1 Rac8 16. Rc1 b5 17. c4 bxc4 18. b3 c3 19. Bxc3 Qxc3 20. Rxc3 Rxc3
21. Be2 Rc5 22. Bc4 a5 23. g4 Bd8 24. g5 Nd7 25. Qh5 Bb6 26. Qh3 Rd8 27. Re4
Nf8 28. Rh4 Rdc8 29. Kf1 g6 30. Re4 a4 31. Qh6 axb3 32. axb3 Ra5 33. Re2 Ra1+
34. Kg2 Rca8 35. Qh3 Rc1 36. Kf3 Rc3+ 37. Re3 Bxe3 38. fxe3 Ra1 39. Qc8 Rf1+
40. Ke2 Rb1 41. Qh3 Rb2+ 42. Kf3 Rcc2 43. Ke4 Rxh2 44. Qc8 Rh5 45. Qd8 Rg2 46.
Qxd6 Rhxg5 47. Qe7 Rf5 48. d6 h5 49. Qe8 Kg7 50. Qe7 Rg4+ 51. Kd3 h4 52. d7
Nxd7 53. Qxd7 Rg3 54. Qe7 g5 55. Bd5 h3 56. Bxf7 Rxf7 57. Qxe5+ Kg6 58. Qxg3
Rh7 59. Qh2 Rh4 60. Ke2 g4 61. Kf2 Rh5 62. e4 Rg5 63. Qd6+ Kh5 64. Kg3 1-0

[Event "XXVII Festival Conca della Presolana A"]
[Site "Bratto - Castione della Presolana ITA"]
[Date "2007.08.24"]
[Round "2"]
[White "Capurro, Giuliano"]
[Black "Ricci, Alfredo"]
[Result "0-1"]
[WhiteElo "2139"]
[BlackElo "2038"]
[PlyCount "76"]
[EventDate "2007.08.23"]

1. e4 c5 2. d3 Nc6 3. c4 g6 4. Nc3 Bg7 5. g3 e6 6. Bg2 Nge7 7. Nge2 O-O 8. O-O
a6 9. f4 Rb8 10. Be3 Nd4 11. Rb1 d6 12. g4 b5 13. Ng3 b4 14. Nce2 f5 15. Bxd4
cxd4 16. h3 Bd7 17. b3 Qc7 18. Kh2 Kh8 19. Ng1 e5 20. exf5 exf4 21. Ne4 gxf5
22. gxf5 Nxf5 23. Kh1 Ne3 24. Qh5 Bc6 25. Rf2 Be5 26. Nf3 Nf5 27. Nfg5 Rbe8 28.
Kg1 Re7 29. Bf3 Rg7 30. Kh2 Ng3 31. Qh4 Qe7 32. Rg2 Bxe4 33. dxe4 Qxg5 34. Qxg5
Rxg5 35. Rc1 Rc8 36. Kg1 Rg7 37. Rd1 a5 38. Kf2 a4 0-1

[Event "XXVII Festival Conca della Presolana A"]
[Site "Bratto - Castione della Presolana ITA"]
[Date "2007.08.24"]
[Round "2"]
[White "Cardili, Mariano"]
[Black "Drabke, Lorenz Maximilian"]
[Result "0-1"]
[WhiteElo "2094"]
[BlackElo "2416"]
[PlyCount "88"]
[EventDate "2007.08.23"]

1. d4 d5 2. c4 c6 3. Nf3 Nf6 4. Nc3 dxc4 5. a4 Bf5 6. e3 e6 7. Bxc4 Bb4 8. O-O
O-O 9. Qe2 Bg6 10. Bd3 Bxd3 11. Qxd3 Nbd7 12. Rd1 Qa5 13. e4 e5 14. Nxe5 Nxe5
15. dxe5 Rad8 16. Qc2 Qxe5 17. Bd2 Bxc3 18. Bxc3 Qxe4 19. Qb3 Rxd1+ 20. Rxd1
Nd5 21. Re1 Qg4 22. h3 Qd7 23. Qc4 Re8 24. Rxe8+ Qxe8 25. Qd4 Nxc3 26. bxc3 b6
27. c4 c5 28. Qd1 g6 29. Qc2 Qe5 30. h4 Qe1+ 31. Kh2 h5 32. g3 Qf1 33. Qa2 Qd3
34. Kg2 Qc3 35. Kh2 Kf8 36. Kg2 Ke7 37. Qe2+ Kf6 38. Qe4 Kg7 39. Kg1 Qa1+ 40.
Kg2 Qxa4 41. Qe5+ Kg8 42. Qd5 Qa1 43. Qd8+ Kg7 44. Qc7 a5 0-1

[Event "XXVII Festival Conca della Presolana A"]
[Site "Bratto - Castione della Presolana ITA"]
[Date "2007.08.24"]
[Round "2"]
[White "Carosso, Andrea"]
[Black "Pomaro, Alberto"]
[Result "0-1"]
[WhiteElo "2046"]
[BlackElo "2149"]
[PlyCount "56"]
[EventDate "2007.08.23"]

1. c4 Nf6 2. Nc3 g6 3. d4 Bg7 4. g3 O-O 5. Bg2 d6 6. Nf3 Nc6 7. O-O a6 8. d5
Na5 9. Nd2 c5 10. Qc2 Rb8 11. Rb1 b5 12. b3 e5 13. cxb5 axb5 14. b4 cxb4 15.
Rxb4 Qc7 16. Qd3 Ba6 17. Nxb5 Qc5 18. Qb1 Rxb5 19. Ba3 Rxb4 20. Bxb4 Qb6 21.
Rc1 Bxe2 22. a3 Bh6 23. Qc2 Ng4 24. Bxa5 Qxf2+ 25. Kh1 Qe3 26. Nb3 Nf2+ 27. Kg1
Nh3+ 28. Kh1 Qg1+ 0-1

[Event "XXVII Festival Conca della Presolana A"]
[Site "Bratto - Castione della Presolana ITA"]
[Date "2007.08.24"]
[Round "2"]
[White "Castelfranchi, Carlo"]
[Black "Barlocco, Carlo"]
[Result "0-1"]
[WhiteElo "2114"]
[BlackElo "2116"]
[PlyCount "82"]
[EventDate "2007.08.23"]

1. e4 c5 2. Nf3 e6 3. d4 cxd4 4. Nxd4 a6 5. Bd3 g6 6. O-O Bg7 7. Nf3 Nc6 8. Nc3
Nge7 9. Re1 O-O 10. e5 d6 11. exd6 Qxd6 12. Ne4 Qc7 13. Bg5 f5 14. Nc5 e5 15.
Bc4+ Kh8 16. Bxe7 Qxe7 17. Nd3 e4 18. Nd2 Qd6 19. Nc1 Rd8 20. Ncb3 b5 21. Bf1
Bxb2 22. a4 bxa4 23. Rxa4 Be6 24. Qb1 Bc3 25. Raxe4 Bxb3 26. Qxb3 fxe4 27. Nxe4
Qb4 28. Nxc3 Qxb3 29. cxb3 Rdb8 30. Nd5 Rxb3 31. Nc7 Rc8 32. Nxa6 Nd4 33. Re4
Nf5 34. g3 Rc1 35. Kg2 Rb2 36. Nb4 Rd1 37. Nd3 Rbd2 38. Nf4 Rb1 39. Bc4 Nd6 40.
Bd3 Rxd3 41. Re7 Rd2 0-1

[Event "XXVII Festival Conca della Presolana A"]
[Site "Bratto - Castione della Presolana ITA"]
[Date "2007.08.24"]
[Round "2"]
[White "Cebalo, Miso"]
[Black "De Santis, Alessio"]
[Result "1-0"]
[WhiteElo "2533"]
[BlackElo "2345"]
[PlyCount "79"]
[EventDate "2007.08.23"]

1. d4 d6 2. Nf3 g6 3. e4 Bg7 4. h3 Nd7 5. c4 e6 6. Nc3 Ne7 7. Be3 a6 8. Qd2 h6
9. Bd3 b6 10. O-O Bb7 11. Rad1 f5 12. Bc2 g5 13. d5 f4 14. dxe6 fxe3 15. exd7+
Qxd7 16. Qxe3 O-O 17. Nd4 Be5 18. Ba4 Qc8 19. Nd5 Bxd5 20. cxd5 b5 21. Bb3 Bxd4
22. Rxd4 Ng6 23. Rc1 Ne5 24. Bd1 Rf7 25. Bh5 Rg7 26. Bg4 Qe8 27. b3 h5 28. Be6+
Kh8 29. Bf5 Qe7 30. Rd2 Qf6 31. Rdc2 g4 32. Rxc7 Nc4 33. R1xc4 bxc4 34. Rxg7
Qxg7 35. bxc4 Rb8 36. Kh2 gxh3 37. Kxh3 Rb1 38. g3 h4 39. Qf4 hxg3 40. Qh4+ 1-0

[Event "XXVII Festival Conca della Presolana A"]
[Site "Bratto - Castione della Presolana ITA"]
[Date "2007.08.24"]
[Round "2"]
[White "Chierici, Marianna"]
[Black "Schaefer, Markus"]
[Result "0-1"]
[WhiteElo "2004"]
[BlackElo "2411"]
[PlyCount "64"]
[EventDate "2007.08.23"]

1. e4 e6 2. d3 d5 3. Nd2 Nf6 4. Ngf3 Nc6 5. g3 dxe4 6. dxe4 Bc5 7. Bg2 e5 8.
O-O O-O 9. c3 a5 10. Qc2 Qe7 11. Nc4 b6 12. Ne3 Ba6 13. Rd1 Rad8 14. Nd5 Nxd5
15. exd5 e4 16. Ng5 Bd3 17. Rxd3 exd3 18. Qxd3 Qe1+ 19. Qf1 Bxf2+ 20. Kh1 Qxf1+
21. Bxf1 Rxd5 22. Bf4 Bc5 23. Bg2 Ne7 24. Be4 h6 25. Nf3 Rd7 26. Re1 Ng6 27.
Bc1 Re8 28. Kg2 Rde7 29. Nd2 Kh8 30. g4 Nf4+ 31. Kf3 Nh3 32. Nb3 Ng1+ 0-1

[Event "XXVII Festival Conca della Presolana A"]
[Site "Bratto - Castione della Presolana ITA"]
[Date "2007.08.24"]
[Round "2"]
[White "Cordara, Michele"]
[Black "Capece, Adolivio"]
[Result "1/2-1/2"]
[WhiteElo "2151"]
[BlackElo "2049"]
[PlyCount "31"]
[EventDate "2007.08.23"]

1. Nf3 c5 2. c4 Nc6 3. Nc3 g6 4. g3 Bg7 5. Bg2 d6 6. O-O Bg4 7. h3 Bd7 8. e3
Qc8 9. Kh2 h5 10. d4 h4 11. g4 Nf6 12. Ng5 cxd4 13. exd4 Nxd4 14. Qxd4 Nxg4+
15. Qxg4 Bxg4 16. hxg4 1/2-1/2

[Event "XXVII Festival Conca della Presolana A"]
[Site "Bratto - Castione della Presolana ITA"]
[Date "2007.08.24"]
[Round "2"]
[White "D'Apa, Matteo"]
[Black "Pepino, Enrico"]
[Result "0-1"]
[WhiteElo "2055"]
[BlackElo "2153"]
[PlyCount "136"]
[EventDate "2007.08.23"]

1. d4 Nf6 2. c4 g6 3. Nc3 Bg7 4. e4 d6 5. f3 O-O 6. Be3 c5 7. d5 e6 8. Qd2 exd5
9. exd5 Re8 10. O-O-O b5 11. Bh6 Bh8 12. g4 Nbd7 13. Nxb5 Ne5 14. h3 Rb8 15. f4
Ne4 16. Qc2 Nd7 17. Bd3 a6 18. Bxe4 axb5 19. Ne2 bxc4 20. Nc3 Qa5 21. Rhe1 Rxb2
22. Kxb2 Qb4+ 23. Kc1 Bxc3 24. Bxg6 Rxe1 25. Bxf7+ Kh8 26. Rxe1 Bxe1 27. Be6
Qc3 28. Qxc3+ Bxc3 29. Kc2 Bd4 30. a4 c3 31. a5 c4 32. f5 Bb7 33. Bxd7 Bxd5 34.
a6 Be4+ 35. Kc1 Bc5 36. Ba4 d5 37. Bc2 Bg2 38. f6 Kg8 39. h4 d4 40. Bf5 Bd5 41.
Kc2 Kf7 42. Bxh7 Bc6 43. Bg5 Ba4+ 44. Kb1 d3 45. h5 d2 46. Bg6+ Ke6 47. Bf5+
Kf7 48. Bg6+ Kg8 49. Bc2 d1=Q+ 50. Bxd1 Bxd1 51. h6 Bxg4 52. f7+ Kxf7 53. h7
Bf5+ 54. Kc1 Bxh7 55. Kd1 Ke6 56. Bc1 Kd7 57. Ke2 Kc6 58. Kf3 Kb6 59. Kf4 Kxa6
60. Ke5 Kb5 61. Kd5 Bg8+ 62. Ke4 Ka4 63. Kf3 Kb3 64. Ke2 Kc2 65. Bf4 Bf7 66.
Ke1 Bh5 67. Bg5 Bd4 68. Bf4 Kb1 0-1

[Event "XXVII Festival Conca della Presolana A"]
[Site "Bratto - Castione della Presolana ITA"]
[Date "2007.08.24"]
[Round "2"]
[White "Danieli, Enrico"]
[Black "Di Lascio, Savino"]
[Result "1/2-1/2"]
[WhiteElo "2117"]
[BlackElo "2014"]
[PlyCount "113"]
[EventDate "2007.08.23"]

1. d4 Nf6 2. Nf3 e6 3. e3 b6 4. Bd3 Bb7 5. O-O Be7 6. b3 O-O 7. Bb2 d5 8. Nbd2
Nbd7 9. c4 Ne4 10. Qc2 f5 11. Ne5 Nxd2 12. Qxd2 Nxe5 13. dxe5 dxc4 14. bxc4 Qd7
15. Qe2 Rad8 16. Rad1 Qc6 17. f3 Bc5 18. Bc2 g5 19. Rd4 Bxd4 20. exd4 Qe8 21.
d5 Qe7 22. Qe3 exd5 23. cxd5 Bxd5 24. e6 Rd6 25. Qe5 Bxe6 26. Re1 Qd7 27. Qh8+
Kf7 28. Qg7+ Ke8 29. Qxg5 Qf7 30. Ba4+ c6 31. Ba3 Kd7 32. Bxd6 Kxd6 33. Qf4+
Kd7 34. Rd1+ Bd5 35. Qe5 Kc8 36. Bc2 Kb7 37. a4 a5 38. Re1 Rd8 39. Bxf5 Bb3 40.
Qe4 Rd1 41. Rxd1 Bxd1 42. Bxh7 Bxa4 43. Bg6 Qg7 44. h4 Bb3 45. h5 Bd5 46. Qf4
b5 47. Be4 Qd4+ 48. Kh2 a4 49. Qd6 a3 50. Qxa3 Qe5+ 51. Kg1 Bxe4 52. fxe4 Qd4+
53. Kh2 Qe5+ 54. Kg1 Qxe4 55. Qg3 b4 56. h6 Ka6 57. Qg7 1/2-1/2

[Event "XXVII Festival Conca della Presolana A"]
[Site "Bratto - Castione della Presolana ITA"]
[Date "2007.08.24"]
[Round "2"]
[White "Efimov, Igor"]
[Black "Chkhaidze, Nikoloz"]
[Result "1-0"]
[WhiteElo "2426"]
[BlackElo "2183"]
[PlyCount "120"]
[EventDate "2007.08.23"]

1. d4 d5 2. c4 c6 3. Nf3 Nf6 4. Qc2 e6 5. g3 Nbd7 6. Bg2 Bd6 7. O-O O-O 8. Nbd2
Re8 9. Rd1 Qe7 10. e4 dxe4 11. Nxe4 Nxe4 12. Qxe4 e5 13. Bg5 f6 14. Be3 exd4
15. Qxe7 Bxe7 16. Bxd4 Nf8 17. Bc3 Be6 18. b3 Rad8 19. Nd4 Bg4 20. Rd2 Bc5 21.
h3 Bc8 22. b4 Bb6 23. Rad1 Kf7 24. c5 Bc7 25. b5 cxb5 26. Nxb5 Rxd2 27. Bxd2
Bb8 28. Bf4 Bxf4 29. gxf4 Ke7 30. Nxa7 Ne6 31. f5 Nc7 32. Nxc8+ Rxc8 33. Bxb7
Rd8 34. Re1+ Kf8 35. a4 Rd3 36. Ra1 Rxh3 37. a5 Rc3 38. c6 Nb5 39. Rb1 Na7 40.
a6 Ke7 41. Re1+ Kd6 42. Re6+ Kc7 43. Re7+ Kd6 44. Rd7+ Ke5 45. Rxg7 Kd6 46.
Rd7+ Ke5 47. Rxh7 Kd6 48. Rd7+ Ke5 49. Kg2 Rc5 50. c7 Rc3 51. Rd5+ Kf4 52. c8=Q
Nxc8 53. Bxc8 Rxc8 54. Ra5 Rg8+ 55. Kf1 Ke4 56. a7 Ra8 57. Ke2 Kd4 58. Kf3 Kc4
59. Kg4 Kb4 60. Ra1 Kc5 1-0

[Event "XXVII Festival Conca della Presolana A"]
[Site "Bratto - Castione della Presolana ITA"]
[Date "2007.08.24"]
[Round "2"]
[White "Epishin, Vladimir V."]
[Black "Qendro, Llambi"]
[Result "1-0"]
[WhiteElo "2587"]
[BlackElo "2386"]
[PlyCount "99"]
[EventDate "2007.08.23"]

1. d4 g6 2. e4 Bg7 3. Nf3 d6 4. c4 e5 5. Nc3 Nc6 6. d5 Nce7 7. Be2 f5 8. c5 h6
9. cxd6 cxd6 10. Qa4+ Kf7 11. exf5 Nxf5 12. O-O Nf6 13. Bd3 Re8 14. Ne4 Nxe4
15. Bxe4 Ne7 16. Be3 Bf5 17. Nd2 Kg8 18. Qb3 Qd7 19. f3 Rec8 20. a4 Kh7 21. h3
b6 22. g4 Bxe4 23. fxe4 Rf8 24. Qb5 Rxf1+ 25. Rxf1 Qxb5 26. axb5 Rc8 27. b3 Rc3
28. Nc4 Kg8 29. Rb1 Nc8 30. Kf1 Rc2 31. Bd2 Kf7 32. Ra1 Bf6 33. Ke2 Bg5 34. Kd3
Rxc4 35. Rf1+ Kg7 36. bxc4 Be7 37. Bc3 Bf6 38. Ke2 Bd8 39. Rf3 Be7 40. Bd2 g5
41. h4 Kg6 42. Rf5 Bf6 43. hxg5 hxg5 44. Bxg5 Bxg5 45. Rf8 Ne7 46. Ra8 Bc1 47.
c5 bxc5 48. Rxa7 Nc8 49. Ra6 c4 50. Rc6 1-0

[Event "XXVII Festival Conca della Presolana A"]
[Site "Bratto - Castione della Presolana ITA"]
[Date "2007.08.24"]
[Round "2"]
[White "Erturan, Yakup"]
[Black "Khenkin, Igor"]
[Result "1/2-1/2"]
[WhiteElo "2389"]
[BlackElo "2602"]
[PlyCount "172"]
[EventDate "2007.08.23"]

1. e4 c6 2. d4 d5 3. e5 c5 4. dxc5 Nc6 5. Bb5 e6 6. Be3 Nge7 7. c3 Bd7 8. Bxc6
Bxc6 9. Nf3 Nf5 10. Bd4 a5 11. a4 Nxd4 12. Qxd4 Qc7 13. b4 Be7 14. O-O O-O 15.
Qd1 axb4 16. cxb4 b6 17. Qc2 bxc5 18. bxc5 Ra5 19. Nc3 Rxc5 20. Qd3 Ra8 21. Nb5
Bxb5 22. axb5 Rxa1 23. Rxa1 Rc1+ 24. Rxc1 Qxc1+ 25. Qf1 Qb2 26. g3 g6 27. h4
Bc5 28. Kg2 h6 29. Kg1 Kg7 30. Kg2 Kf8 31. Kg1 Ke8 32. Kg2 Kd7 33. Qe1 Kc7 34.
Nh2 d4 35. Qa5+ Bb6 36. Qa4 Qe2 37. Qb4 Qxe5 38. Qe7+ Kc8 39. Qe8+ Bd8 40. Qxf7
d3 41. Qxg6 Qd5+ 42. Nf3 h5 43. Qh6 Ba5 44. Qc1+ Kb8 45. Qd1 d2 46. Kg1 Ka7 47.
Nxd2 Kb7 48. Qc1 Bxd2 49. Qa3 Kb8 50. Qa6 Bb4 51. Qb6+ Kc8 52. Qa6+ Kb8 53.
Qb6+ Kc8 54. Qa6+ Kd8 55. b6 Bc5 56. Qa7 Qd4 57. Qa8+ Ke7 58. Qb7+ Qd7 59. Qb8
Qd1+ 60. Kg2 Qd5+ 61. Kg1 Qd1+ 62. Kg2 Qd5+ 63. Kg1 Qf5 64. Qc7+ Kf6 65. Qd8+
Ke5 66. Qh8+ Kd5 67. Qb2 Bd4 68. Qd2 Qb1+ 69. Kg2 Qxb6 70. Qg5+ Kd6 71. Qf4+
Kc6 72. Qf3+ Kd6 73. Qf4+ Kd7 74. Qf7+ Kd8 75. Qf8+ Kc7 76. Qf7+ Kd8 77. Qf8+
Kc7 78. Qf7+ Kb8 79. Qxh5 Qc6+ 80. Kg1 Qc1+ 81. Kg2 Qc6+ 82. Kg1 Qe4 83. Qf7
Qb1+ 84. Kg2 Qb7+ 85. Qxb7+ Kxb7 86. f4 Kc6 1/2-1/2

[Event "XXVII Festival Conca della Presolana A"]
[Site "Bratto - Castione della Presolana ITA"]
[Date "2007.08.24"]
[Round "2"]
[White "Esplugas Esteve, Vicenc"]
[Black "Kilpatrick, Callum"]
[Result "1-0"]
[WhiteElo "2012"]
[BlackElo "2120"]
[PlyCount "71"]
[EventDate "2007.08.23"]

1. d4 Nf6 2. c4 g6 3. Nc3 d5 4. cxd5 Nxd5 5. e4 Nxc3 6. bxc3 Bg7 7. Bc4 c5 8.
Ne2 O-O 9. O-O Nc6 10. Be3 Na5 11. Bd3 b6 12. Rb1 Qc7 13. d5 c4 14. Bc2 e5 15.
Qd2 Nb7 16. f4 f6 17. Ng3 Nd6 18. f5 Bd7 19. a4 Rfb8 20. fxg6 hxg6 21. h4 Bg4
22. Bd1 Qd7 23. Qc2 Bxd1 24. Qxd1 f5 25. exf5 gxf5 26. Nh5 f4 27. Nxg7 Qxg7 28.
Bxf4 exf4 29. Rxf4 Qe5 30. Qf3 Rf8 31. Qg3+ Kh7 32. Re1 Qg7 33. Rg4 Qd7 34. Rg5
Rf5 35. Qg4 Qf7 36. Re7 1-0